000 00674naa a2200217 i 4500
001 6788
003 ES-MaBCM
005 20241016091107.0
008 890816s1989 fra 000 0 fre d
021 _axx
035 _a(OCoLC)1365264778
040 _cES-MaBCM
041 0 _afre
043 _afra
245 0 4 _aLes nouvelles élites
520 _aÉlite politica, administrativa, a nivel local, a nivel europeo ...; serie de artículos de M. Riglet, J.F. Kesler, G. Maman ...
650 7 _aÉlite política
_958512
651 4 _aFrancia
_9115364
773 0 _aEn:
_tRevue politique et parlementaire
_dParis : 1989
_w104657
_gn 941, mayo-junio ; p. 6-74
942 _cAREV
999 _c6788
_d6788